Hacer guitarritas (Record no. 1188)

MARC details
000 -CABECERA
campo de control de longitud fija 00856nam a2200217 a 4500
001 - NÚMERO DE CONTROL
campo de control BRCA_1324
005 - FECHA Y HORA DE LA ÚLTIMA TRANSACCIÓN
campo de control 20190320203357.0
008 - DATOS DE LONGITUD FIJA--INFORMACIÓN GENERAL
campo de control de longitud fija 950419s1994 mx-a---##b---#000-0#spa-#z9686540416
040 ## - FUENTE DE LA CATALOGACIÓN
Centro catalogador/agencia de origen DLC
Centro/agencia transcriptor DLC
050 #4 - SIGNATURA TOPOGRÁFICA DE LA BIBLIOTECA DEL CONGRESO
Número de clasificación ML1015
Número de documento/Ítem .O44 1994
100 1# - ENTRADA PRINCIPAL--NOMBRE DE PERSONA
Nombre de persona Olguín, Enriqueta M.
9 (RLIN) 4336
245 10 - MENCIÓN DE TÍTULO
Título Hacer guitarritas
Mención de responsabilidad, etc. Enriqueta M. Olguín.
260 ## - PUBLICACIÓN, DISTRIBUCIÓN, ETC.
Lugar de publicación, distribución, etc. Pachuca, Hgo., México
Nombre del editor, distribuidor, etc. Centro de Investigaciones y Estudios sobre el Estado de Hidalgo, Coordinación de Investigación y Posgrado, Universidad Autónoma del Estado de Hidalgo
Fecha de publicación, distribución, etc. 1994
300 ## - DESCRIPCIÓN FÍSICA
Extensión 55 p.
Otras características físicas il.
Dimensiones 23 cm.
440 #0 - MENCIÓN DE SERIE/PUNTO DE ACCESO ADICIONAL--TÍTULO
Título Colección, Sociedad y Pensamiento
9 (RLIN) 4337
500 ## - NOTA GENERAL
Nota general Incluye cartografía, hemerografía y videografía
504 ## - NOTA DE BIBLIOGRAFÍA, ETC.
Nota de bibliografía, etc. Bibliografía: p. 35-40
650 14 - PUNTO DE ACCESO ADICIONAL DE MATERIA--TÉRMINO DE MATERIA
Término de materia o nombre geográfico como elemento de entrada Guitarra
Subdivisión general Historia
Subdivisión geográfica México
9 (RLIN) 4338
650 14 - PUNTO DE ACCESO ADICIONAL DE MATERIA--TÉRMINO DE MATERIA
Término de materia o nombre geográfico como elemento de entrada Fabricantes de guitarras
Subdivisión geográfica México
9 (RLIN) 4339
942 ## - ELEMENTOS DE PUNTO DE ACCESO ADICIONAL (KOHA)
Fuente del sistema de clasificación o colocación Library of Congress Classification
Tipo de ítem Koha Libros
Holdings
Estado de retiro Estado de pérdida Estado dañado No para préstamo Localización permanente Ubicación/localización actual Fecha de adquisición Total de préstamos Signatura topográfica completa Código de barras Fecha visto por última vez Precio válido a partir de Tipo de ítem Koha
El ejemplar forma parte de la colección y puede ser consultado según las políticas vigentes.       Biblioteca del Museo Franz Mayer (Rogerio Casas-Alatriste) Biblioteca del Museo Franz Mayer (Rogerio Casas-Alatriste) 26/06/2008   ML1015 .O44 1994 01840 22/03/2019 22/03/2019 Libros